LEADER 01014cam2 22002651 450 001 SOBE00051522 005 20241003080454.0 100 $a20160309d2008 |||||ita|0103 ba 101 $aita 102 $aIT 200 1 $a<<8: >>Ambiente e sicurezza del lavoro$iAppendice di aggiornamento alla Legge 3 agosto 2007, n. 123$fa cura di M. Rusciano e G. Natullo 210 $aTorino$cUTET giuridica$d2008 215 $aXIII, 137 p.$d22 cm 461 1$1001E600200036536$12001 $aDiritto del lavoro / commentario diretto da Franco Carinci 702 1$aRusciano, Mario$3AF00008161$4070 702 1$aNatullo, Gaetano$3AF00009074$4070 801 0$aIT$bUNISOB$c20241003$gRICA 850 $aUNISOB 852 $aUNISOB$j340|Coll|73|K$m138087 912 $aSOBE00051522 940 $aM 102 Monografia moderna SBN 941 $aM 957 $a340|Coll|73|K$b000008$gSI$d138087$racquisto$1rovito$2UNISOB$3UNISOB$420160309100926.0$520241003080447.0$6Alfano 996 $aAmbiente e sicurezza del lavoro$965752 997 $aUNISOB